00422 2200169 4500001002100000008004100021035002000062082000800082084001400090100001400104245005500118250000600173260003500179300001200214650001400226990001200240INLIS000000000001066 ind  a0010-0524000301 a600 a600 ROV p aRoviuddin aPanduan Aplikatif Adobe Dreamweaver CS3cRoviuddin a1 aLamongan :bLentera Ilmuc2008 a188 hlm aNon Fiksi a0744044